| 000 | 00841nam a22003250a 4500 | ||
|---|---|---|---|
| 001 | PT55585 | ||
| 003 | AR-LpoUNG | ||
| 005 | 20210131231711.0 | ||
| 008 | 191001s2014||||ag |||||||||||||||||spa d | ||
| 020 |
_a9789870433651 _c$74 |
||
| 040 |
_aAR-LpoUNG _bspa _cAR-LpoUNG _eaacr |
||
| 041 | _aspa | ||
| 044 | _aag | ||
| 082 | 0 | _aA863 827ray | |
| 100 | 1 | _aCortázar, Julio | |
| 245 | 1 | 0 | _aRayuela |
| 250 | _a1ra. ed. | ||
| 260 |
_aBuenos Aires : _bAlfaguara, _c2014. |
||
| 300 |
_a597 p. : _bil. |
||
| 505 | 0 | _aEdición especial para el Ministerio de Educación de la Nación. | |
| 650 | 4 | _aARGENTINA | |
| 650 | 4 | _aDRAMA | |
| 650 | 4 | _aLITERATURA | |
| 650 | 4 | _aNOVELAS | |
| 651 | 4 | _aDOCUMENTOS TEORICOS O METODOLOGICOS | |
| 653 | _aESCUELA SECUNDARIA | ||
| 653 | _aLITERATURA ARGENTINA | ||
| 905 | _a55585 | ||
| 942 | _cLIB | ||
| 999 |
_c11485 _d11485 |
||